[Event "16th VR Bank Open"]
[Site "Apolda GER"]
[Date "2007.08.26"]
[Round "6"]
[White "Wanzek, D."]
[Black "Wichmann, C."]
[Result "0-1"]
[WhiteElo "2147"]
[BlackElo "2401"]
[PlyCount "110"]
[EventDate "2007.08.23"]
[Source "www.chesslib.no"]
[SourceDate "2004.05.04"]

1. e4 e6 2. d4 d5 3. e5 c5 4. Qg4 Qa5+ 5. Bd2 Qb6 6. Nc3 h5 7. dxc5 Qxc5 8. Qg5 Bd7 9. Nf3 Qe7 10. Qe3 a6 11. Bd3 Nc6 12. a3 Qd8 13. O-O Be7 14. Rfe1 g5 15. Ne2 g4 16. Nfd4 Qc7 17. Nxc6 bxc6 18. c4 Nh6 19. cxd5 cxd5 20. Rac1 Qb7 21. Rc3 Rc8 22. Rxc8+ Bxc8 23. Rc1 Bd7 24. Bb4 Ng8 25. Bd6 Bd8 26. Qc5 Ne7 27. Bxe7 Bxe7 28. Qa5 O-O 29. Qd2 Kg7 30. Ng3 Rh8 31. Qe2 Bb5 32. b4 Bg5 33. Rc5 Be7 34. Rc1 Bxd3 35. Qxd3 Bg5 36. Rc5 Be7 37. Rc1 Bg5 38. Rc5 Be7 39. Rc1 Qb5 40. Qd4 a5 41. Rc7 Bd8 42. Rc8 Qd7 43. Rc1 axb4 44. axb4 Kh6 45. Ra1 Kg7 46. Ra7 Qe8 47. Qf4 Kg6 48. Qd4 Bg5 49. Ne2 Qc6 50. Nf4+ Kg7 51. Qc5 Rc8 52. Nd3 Qe8 53. Qb6 Rc3 54. Qd4 Qc6 55. g3 Qc4 0-1

[Event "Dortmund"]
[Site "?"]
[Date "2004.07.28"]
[Round "6"]
[White "Bashilin Roman"]
[Black "Dehne Mirko"]
[Result "1-0"]
[WhiteElo "2329"]
[BlackElo "2218"]
[PlyCount "69"]
[EventDate "2004.??.??"]
[Source "www.chesslib.no"]
[SourceDate "2004.05.04"]

1. d4 e6 2. e4 d5 3. e5 c5 4. Qg4 Qa5+ 5. Nd2 Nc6 6. Ngf3 Nh6 7. Qg5 Nf5 8. Bd3 Ncxd4 9. Nxd4 Nxd4 10. O-O c4 11. c3 cxd3 12. cxd4 Bd7 13. Nb3 Qb6 14. Be3 h6 15. Qf4 O-O-O 16. Qxf7 Be8 17. Qf3 Kb8 18. Rfc1 Bg6 19. Nc5 Bxc5 20. dxc5 Qc6 21. Bd4 Rhf8 22. Qe3 Rf5 23. a4 Rdf8 24. f3 Bh5 25. Qxd3 Rg5 26. Kh1 Qe8 27. c6 Rxg2 28. cxb7 Qf7 29. Rc8+ Rxc8 30. bxc8=Q+ Kxc8 31. Qa6+ Kd8 32. Qd6+ Ke8 33. Qb8+ Kd7 34. Qxa7+ Ke8 35. Qxf7+ 1-0

[Event "Sueder Sommer op 11th"]
[Site "?"]
[Date "2000.07.26"]
[Round "5"]
[White "Pusch Hermann"]
[Black "Kern Guido"]
[Result "0-1"]
[WhiteElo "2191"]
[BlackElo "2345"]
[PlyCount "26"]
[EventDate "2000.??.??"]
[Source "www.chesslib.no"]
[SourceDate "2004.05.04"]

1. e4 e6 2. d4 d5 3. e5 c5 4. Qg4 Qa5+ 5. Nd2 Nc6 6. Ngf3 Nh6 7. Qf4 Nb4 8. Kd1 c4 9. a3 Bd7 10. b3 Rc8 11. Bb2 Nxc2 12. Kxc2 c3 13. Kb1 cxb2 0-1

[Event "Biel op MTO"]
[Site "Biel"]
[Date "1997.??.??"]
[Round "7"]
[White "Raetsky, Alexander"]
[Black "Caruso, Daniele"]
[Result "1-0"]
[WhiteElo "2405"]
[BlackElo "2130"]
[PlyCount "63"]
[EventDate "1997.07.21"]
[Source "ChessBase"]
[SourceDate "1997.11.24"]

1. e4 e6 2. d4 d5 3. e5 c5 4. Qg4 f5 5. Qg3 cxd4 6. Nf3 Nc6 7. Bd3 Bd7 8. O-O Nge7 9. a3 Qb6 10. b4 h6 11. h4 g5 12. hxg5 hxg5 13. Bxg5 O-O-O 14. Bf6 Rg8 15. Ng5 Re8 16. Nd2 Nd8 17. Nb3 Nf7 18. f4 Nh6 19. Qf2 Ng4 20. Qxd4 Qxd4+ 21. Nxd4 Rg6 22. Ndxe6 Nxf6 23. Nxf8 Rxf8 24. exf6 Rfxf6 25. Rae1 Ng8 26. Re5 Nh6 27. Rxd5 Ng4 28. Re1 Rg7 29. c4 Kc7 30. c5 a6 31. a4 Bxa4 32. Ne6+ 1-0

[Event "Oberliga Nord N 9697"]
[Site "?"]
[Date "1997.??.??"]
[Round "?"]
[White "Sell Achim"]
[Black "Stelting Thorsten"]
[Result "1-0"]
[WhiteElo "2245"]
[BlackElo "2290"]
[PlyCount "69"]
[EventDate "1997.??.??"]
[Source "www.chesslib.no"]
[SourceDate "2004.05.04"]

1. e4 e6 2. d4 d5 3. e5 c5 4. Qg4 Nc6 5. Nf3 f5 6. Qg3 cxd4 7. Bd3 Bd7 8. O-O Nh6 9. a3 a5 10. Re1 Qb6 11. Nbd2 g6 12. Ng5 Nf7 13. Ndf3 h6 14. Nh3 Ne7 15. Nf4 g5 16. Nh5 O-O-O 17. b4 g4 18. bxa5 Qxa5 19. Bd2 Qa7 20. Nh4 Ng5 21. Qf4 Rg8 22. Kh1 Ne4 23. Bb4 Rg5 24. Nf6 Bc6 25. Nh7 b5 26. Nxf8 Rxf8 27. Reb1 Rf7 28. a4 bxa4 29. Rb2 Rh5 30. g3 Rxh4 31. gxh4 Ng6 32. Qxh6 Nxf2+ 33. Kg2 Nh3 34. Rf1 Rh7 35. Qxg6 1-0

[Event "otb"]
[Site "otb"]
[Date "2007.02.25"]
[Round "9"]
[White "Genocchio Daniele"]
[Black "Van Der Burch Arie"]
[Result "1-0"]
[WhiteElo "2324"]
[BlackElo "2203"]
[PlyCount "69"]
[Source "www.chesslib.no"]
[SourceDate "2004.05.04"]

1. e4 e6 2. d4 d5 3. e5 c5 4. Qg4 cxd4 5. Nf3 Nc6 6. Bd3 Nge7 7. O-O Ng6 8. Re1 Qc7 9. Qg3 Nb4 10. Nxd4 Nxd3 11. cxd3 Be7 12. Nd2 O-O 13. N2f3 f6 14. exf6 Qxg3 15. hxg3 Bxf6 16. Nxe6 Bxe6 17. Rxe6 Rac8 18. Re2 Rc7 19. Bg5 Rfc8 20. Rae1 Kf7 21. Be3 a6 22. Kf1 Rc2 23. Bd4 Rxe2 24. Kxe2 Bxd4 25. Nxd4 Ne5 26. Kd2 Ng4 27. f3 Nf6 28. Nf5 Rc7 29. Nd6+ Kg6 30. Re5 Rc6 31. Nf5 Rb6 32. b3 Rb5 33. g4 h5 34. gxh5+ Nxh5 35. Rxd5 1-0

[Event "JUG Ch women"]
[Site "Split CRO"]
[Date "1989.??.??"]
[Round "8"]
[White "Nikolin, Zorica"]
[Black "Maric, Mirjana"]
[Result "0-1"]
[WhiteElo "2240"]
[BlackElo "2285"]
[PlyCount "106"]
[EventDate "1989.??.??"]
[Source "www.chesslib.no"]
[SourceDate "2004.05.04"]

1. e4 e6 2. d4 d5 3. e5 c5 4. Qg4 cxd4 5. Nf3 Nc6 6. Bd3 f5 7. Qg3 Qc7 8. a3 Nge7 9. O-O Bd7 10. b4 a6 11. Re1 h6 12. h4 Rg8 13. Bf4 g6 14. Nbd2 Nd8 15. Nb3 Nf7 16. Nbxd4 O-O-O 17. c4 g5 18. hxg5 hxg5 19. Nxg5 Bh6 20. Nxf7 Rxg3 21. fxg3 Bxf4 22. gxf4 dxc4 23. Rac1 Rf8 24. Rxc4 Nc6 25. Nd6+ Kb8 26. Nb3 Qb6+ 27. Nc5 Ne7 28. Kf1 Bc6 29. Nxe6 Rg8 30. Nc5 Bxg2+ 31. Ke2 Bc6 32. Kd2 Rg2+ 33. Re2 Rxe2+ 34. Bxe2 Ka7 35. Bd3 Bb5 36. Rd4 Bxd3 37. Rxd3 a5 38. Ncxb7 axb4 39. axb4 Qxb4+ 40. Kc2 Nc6 41. e6 Qxf4 42. Kb2 Qe5+ 43. Rc3 Ne7 44. Ka2 Qxe6+ 45. Rb3 Qe1 46. Nc4 Qe2+ 47. Nb2 f4 48. Nc5 f3 49. Ka3 f2 50. Nba4 Nd5 51. Rb7+ Ka8 52. Rd7 Qe3+ 53. Kb2 f1=Q 0-1

[Event "Najdorf op"]
[Site "Buenos Aires"]
[Date "2002.09.24"]
[Round "2.15"]
[White "Daneri, Martin"]
[Black "Auciello, Sergio"]
[Result "0-1"]
[WhiteElo "2175"]
[BlackElo "2346"]
[PlyCount "68"]
[EventDate "2002.09.23"]
[Source "ChessBase"]
[SourceDate "2002.11.06"]

1. e4 e6 2. d4 d5 3. e5 c5 4. Qg4 Nc6 5. Nf3 Nge7 6. Bd3 Nb4 7. dxc5 Qa5 8. O-O Nxd3 9. cxd3 Qxc5 10. Be3 Qb5 11. Nc3 Qxd3 12. Rad1 Qa6 13. Nd4 Bd7 14. a4 Rc8 15. Ndb5 Nf5 16. Qh3 Bb4 17. g4 Nxe3 18. fxe3 Bxb5 19. Nxb5 Qxa4 20. Nd4 O-O 21. g5 Bc5 22. b3 Qd7 23. Rf4 Qe7 24. Rf6 Rfd8 25. Kh1 Kh8 26. Rg1 Bxd4 27. exd4 Qe8 28. g6 fxg6 29. Rfxg6 Rc7 30. Rxe6 Re7 31. Reg6 Qg8 32. Rc1 Rf8 33. Rd6 Qf7 34. e6 Qf4 0-1

[Event "Copenhagen op 17th"]
[Site "Copenhagen"]
[Date "1995.??.??"]
[Round "4"]
[White "Schultz Pedersen, Jesper"]
[Black "Hvenekilde, Jorgen"]
[Result "0-1"]
[WhiteElo "2190"]
[BlackElo "2330"]
[PlyCount "80"]
[EventDate "1995.06.??"]
[Source "ChessBase"]

1. e4 e6 2. d4 d5 3. e5 c5 4. Qg4 Nc6 5. Nf3 cxd4 6. Bd3 f5 7. Qg3 Bd7 8. O-O Nge7 9. a3 a5 10. c3 Qb6 11. cxd4 Nxd4 12. Nxd4 Qxd4 13. Nc3 Ng6 14. Re1 Be7 15. Bb5 Bc6 16. Be3 Qh4 17. Qxh4 Nxh4 18. Bxc6+ bxc6 19. Na4 g5 20. Rac1 f4 21. Bb6 Kd7 22. Rc3 Ra6 23. Bc5 Rb8 24. Rec1 Ng6 25. Rh3 Nf8 26. Kf1 Ke8 27. Rhc3 Nd7 28. Bd4 c5 29. Nxc5 Bxc5 30. Bxc5 Nxe5 31. Bd4 Nc4 32. b3 e5 33. bxc4 exd4 34. Re1+ Kf7 35. Rh3 dxc4 36. Rxh7+ Kg6 37. Rc7 c3 38. Rd1 Re6 39. Rc4 Rb2 40. Rcxd4 c2 0-1

[Event "CSR Ch"]
[Site "Prague CZE"]
[Date "1992.??.??"]
[Round "4"]
[White "Ruzicka, Petr"]
[Black "Vavra, Pavel"]
[Result "0-1"]
[WhiteElo "2310"]
[BlackElo "2210"]
[PlyCount "36"]
[EventDate "1992.04.??"]
[Source "www.chesslib.no"]
[SourceDate "2004.05.04"]

1. e4 e6 2. d4 d5 3. e5 c5 4. Qg4 cxd4 5. Nf3 Nc6 6. Bd3 Qc7 7. Bf4 Nge7 8. Bg3 Nb4 9. O-O Nxd3 10. cxd3 Nf5 11. Nbd2 h5 12. Qf4 g5 13. Nxg5 h4 14. Bxh4 Rxh4 15. g4 f6 16. Ndf3 fxg5 17. Qxg5 Rh7 18. Rac1 Qf7 0-1

[Event "Oberliga Nord N 9697"]
[Site "?"]
[Date "1997.??.??"]
[Round "?"]
[White "Sell Achim"]
[Black "Hochgraefe Markus"]
[Result "1/2-1/2"]
[WhiteElo "2245"]
[BlackElo "2270"]
[PlyCount "131"]
[EventDate "1997.??.??"]
[Source "www.chesslib.no"]
[SourceDate "2004.05.04"]

1. e4 e6 2. d4 d5 3. e5 c5 4. Qg4 Nc6 5. Nf3 cxd4 6. Bd3 Qc7 7. O-O Nxe5 8. Nxe5 Qxe5 9. Bf4 Nf6 10. Qg3 Qh5 11. h3 Be7 12. Nd2 O-O 13. Be5 Ne8 14. f4 Bf6 15. Nf3 Bxe5 16. fxe5 f5 17. exf6 Nxf6 18. Rae1 Bd7 19. Re5 Qh6 20. Ng5 Rae8 21. Qe1 Ne4 22. Rxf8+ Rxf8 23. Nxe4 dxe4 24. Rxe4 Rf4 25. Re2 Qf6 26. g3 Rf3 27. Be4 Re3 28. Rxe3 dxe3 29. Qxe3 Qxb2 30. Qxa7 Qc1+ 31. Kg2 Bc6 32. Qb8+ Kf7 33. Qc7+ Kf6 34. Qd8+ Ke5 35. Bxc6 Qxc2+ 36. Kg1 Qxc6 37. Qg5+ Ke4 38. Qxg7 Kf3 39. Qg4+ Ke3 40. Qf4+ Kd3 41. Qf1+ Kc2 42. g4 Kb2 43. Qe2+ Ka1 44. h4 b5 45. g5 Qc4 46. Qf2 b4 47. h5 Qg4+ 48. Kf1 Qxg5 49. Qd4+ Kxa2 50. Qxb4 Qf5+ 51. Ke1 Qd5 52. Kf2 h6 53. Ke3 Qe5+ 54. Qe4 Qg5+ 55. Qf4 Qxh5 56. Qc4+ Ka3 57. Qxe6 Qg5+ 58. Kf2 Kb4 59. Qe3 Qg6 60. Qg3 Qf5+ 61. Kg2 h5 62. Qf3 Qg5+ 63. Qg3 Qf6 64. Qf3 Qe5 65. Qg3 Qc5 66. Qf2 1/2-1/2

[Event "Oberliga Nord N 9495"]
[Site "GER"]
[Date "1995.??.??"]
[Round "?"]
[White "Sell, Achim"]
[Black "Gottuk, Stefan"]
[Result "1/2-1/2"]
[WhiteElo "2245"]
[BlackElo "2270"]
[PlyCount "81"]
[EventDate "1994.10.??"]
[Source "www.chesslib.no"]
[SourceDate "2004.05.04"]

1. d4 e6 2. e4 d5 3. e5 c5 4. Qg4 cxd4 5. Nf3 Nc6 6. Bd3 f5 7. Qg3 Qc7 8. O-O g6 9. a3 Nh6 10. Re1 Bg7 11. b4 a6 12. Bf4 O-O 13. Nbd2 b5 14. Nb3 Qb6 15. Ng5 Nf7 16. h4 a5 17. bxa5 Nxa5 18. Bd2 Nc4 19. Bb4 Bxe5 20. Rxe5 Ncxe5 21. Nxh7 Kxh7 22. Bxf8 Nxd3 23. cxd3 e5 24. f4 Bb7 25. Bc5 Qc7 26. fxe5 Qxe5 27. Qxe5 Nxe5 28. Re1 Nc6 29. Kf2 Kg7 30. Kf3 Kf6 31. Kf4 Ra4 32. Nd2 b4 33. axb4 Nxb4 34. Be7+ Kf7 35. Bxb4 Rxb4 36. Nf3 Rb2 37. Rc1 Ba6 38. Rc7+ Ke8 39. Rc6 Bxd3 40. Rxg6 Be4 41. Nxd4 1/2-1/2

[Event "St Petersburg White Nights op1"]
[Site "?"]
[Date "2002.??.??"]
[Round "4"]
[White "Drozdov Nikolai"]
[Black "Alikhanov Felix"]
[Result "0-1"]
[WhiteElo "2204"]
[BlackElo "2305"]
[PlyCount "86"]
[EventDate "2002.??.??"]
[Source "www.chesslib.no"]
[SourceDate "2004.05.04"]

1. e4 e6 2. d4 d5 3. e5 c5 4. Qg4 cxd4 5. Nf3 f5 6. Qg3 Ne7 7. Bd3 Nec6 8. a3 a5 9. O-O Nd7 10. b3 Nc5 11. Bb2 Ne4 12. Qh3 Bc5 13. Rd1 O-O 14. Nbd2 Qc7 15. g4 Nxe5 16. gxf5 Rxf5 17. Nxe5 Qxe5 18. f3 Rh5 19. f4 Rxh3 20. fxe5 Nxd2 21. Rxd2 Bd7 22. Re2 Rf8 23. Kg2 Re3 24. Rae1 Be8 25. Bc1 Ref3 26. h3 Bh5 27. Bb5 R3f5 28. Rd2 Bf3+ 29. Kh2 Be4 30. Bd3 Rxe5 31. Rde2 Bd6 32. Kg1 Bxd3 33. Rxe5 Bxe5 34. cxd3 Rf5 35. Bd2 b6 36. Kg2 Kf7 37. Rc1 Bd6 38. Rc6 Bxa3 39. Rxb6 Re5 40. Kf3 Bb4 41. Rb7+ Kf6 42. Bf4 Rf5 43. Kg4 h5+ 0-1

[Event "FAI-ch"]
[Site "Oyrabakki"]
[Date "2000.04.22"]
[Round "9"]
[White "Simonsen, Olavur"]
[Black "Rodgaard, John"]
[Result "1/2-1/2"]
[WhiteElo "2146"]
[BlackElo "2362"]
[PlyCount "39"]
[EventDate "2000.04.15"]
[Source "ChessBase"]
[SourceDate "2000.05.11"]

1. e4 e6 2. d4 d5 3. e5 c5 4. Qg4 cxd4 5. Nf3 Nc6 6. Bd3 Nge7 7. O-O Ng6 8. Qh5 Bd7 9. a3 Qb6 10. Re1 Nce7 11. c3 Bb5 12. Bxb5+ Qxb5 13. Nxd4 Qd7 14. Bg5 Nc6 15. Nf3 Be7 16. Nbd2 Rc8 17. c4 Bxg5 18. Nxg5 h6 19. Ngf3 O-O 20. Qg4 1/2-1/2

[Event "Ch Pfalz"]
[Site "Pfalz"]
[Date "1990.??.??"]
[Round "?"]
[White "Meduna, Eduard"]
[Black "Neurohr Juergen"]
[Result "1/2-1/2"]
[WhiteElo "2485"]
[BlackElo "2015"]
[PlyCount "24"]
[EventDate "1990.??.??"]
[Source "www.chesslib.no"]
[SourceDate "2004.05.04"]

1. e4 e6 2. d4 d5 3. e5 c5 4. Qg4 Nc6 5. Nf3 cxd4 6. Bd3 Qc7 7. Qg3 Nge7 8. O-O Ng6 9. Re1 Bd7 10. c3 a6 11. Bd2 Qb6 12. b3 Nge7 1/2-1/2

[Event "Mlada Boleslav Open"]
[Site "Mlada Boleslav CZE"]
[Date "1993.??.??"]
[Round "?"]
[White "Buchnicek, Petr"]
[Black "Kucera, Petr"]
[Result "1-0"]
[WhiteElo "2150"]
[BlackElo "2345"]
[PlyCount "103"]
[EventDate "1993.08.??"]
[Source "www.chesslib.no"]
[SourceDate "2004.05.04"]

1. e4 e6 2. d4 d5 3. e5 c5 4. Qg4 Qa5+ 5. c3 cxd4 6. Nf3 f5 7. Qg3 Nc6 8. b4 Qb6 9. b5 Na5 10. cxd4 Bd7 11. Nc3 Rc8 12. Bd2 Nc4 13. Bxc4 Rxc4 14. O-O Nh6 15. a4 Qc7 16. Rfc1 f4 17. Qxf4 Be7 18. Nxd5 exd5 19. e6 Qxf4 20. exd7+ Kxd7 21. Bxf4 Nf7 22. Kf1 Rhc8 23. Ke2 Rxc1 24. Rxc1 Rxc1 25. Bxc1 Bd6 26. h3 Ke6 27. Kd3 Kd7 28. Nh4 g6 29. f4 Be7 30. Nf3 Ke6 31. g4 Bb4 32. Kc2 Be7 33. Bd2 Bf8 34. Kb3 Bd6 35. Ne5 Nxe5 36. dxe5 Bc5 37. Kc3 Bf2 38. Kd3 Bg3 39. Kd4 b6 40. Ke3 g5 41. Kf3 gxf4 42. Bc3 Bh4 43. Bd4 Bg5 44. a5 bxa5 45. Bxa7 a4 46. b6 Bd8 47. b7 Bc7 48. Bd4 Kd7 49. g5 Kc6 50. h4 Kxb7 51. h5 Bb6 52. Ba1 1-0

[Event "Calvia Aficionados Grupo B U2300"]
[Site "?"]
[Date "2004.10.22"]
[Round "2"]
[White "Malmdin Nils-Ake"]
[Black "Pohl Klaus A"]
[Result "1/2-1/2"]
[WhiteElo "2200"]
[BlackElo "2292"]
[PlyCount "127"]
[EventDate "2004.??.??"]
[Source "www.chesslib.no"]
[SourceDate "2004.05.04"]

1. e4 e6 2. d4 d5 3. e5 c5 4. Qg4 Nc6 5. Nf3 Qc7 6. Bd3 Nxd4 7. Nxd4 Qxe5+ 8. Ne2 c4 9. Bxc4 dxc4 10. Nbc3 Nf6 11. Qxc4 Bd7 12. Bf4 Qc5 13. Qxc5 Bxc5 14. O-O O-O 15. Rad1 Rfd8 16. Bd6 Bxd6 17. Rxd6 Bc6 18. Rfd1 Rxd6 19. Rxd6 Kf8 20. Rd2 a6 21. f3 b5 22. a3 Rc8 23. Kf2 Ke7 24. Nd4 Bd7 25. Nb3 Ne8 26. Ne4 Rc7 27. Nbc5 Bc8 28. b4 f5 29. Nc3 Nd6 30. a4 a5 31. Nxb5 Nxb5 32. axb5 axb4 33. Nd3 Rb7 34. Nxb4 Rxb5 35. Nc6+ Kf6 36. f4 Rc5 37. Ne5 Rc3 38. Nd3 Bb7 39. g3 Be4 40. Ke3 Rc4 41. h4 Rc3 42. Kd4 Ra3 43. c3 Ra1 44. Nc5 Bc6 45. c4 Re1 46. Kc3 Ke7 47. Rd3 e5 48. fxe5 Rxe5 49. Kb4 h6 50. Nb3 g5 51. hxg5 hxg5 52. Nd4 Be4 53. Re3 Kd6 54. Nb5+ Kd7 55. Nc3 Kc6 56. g4 Re8 57. gxf5 Rb8+ 58. Nb5 Bxf5 59. Re5 Bd3 60. Rxg5 Rf8 61. Rd5 Bf1 62. Rd6+ Kb7 63. Rd7+ Kc8 64. Rd4 1/2-1/2

[Event "CZE-chT2"]
[Site "?"]
[Date "1999.??.??"]
[Round "?"]
[White "Trapl Jindrich"]
[Black "Sykora Robert"]
[Result "1-0"]
[WhiteElo "2375"]
[BlackElo "2117"]
[PlyCount "89"]
[EventDate "1999.??.??"]
[Source "www.chesslib.no"]
[SourceDate "2004.05.04"]

1. e4 e6 2. d4 d5 3. e5 c5 4. Qg4 cxd4 5. Nf3 Nd7 6. Bd3 Qb6 7. O-O Ne7 8. Nbd2 Nc6 9. Re1 Nc5 10. Nb3 Bd7 11. Nxc5 Qxc5 12. a3 h6 13. b4 Qb6 14. Bb2 Qd8 15. h4 g6 16. b5 Ne7 17. Nxd4 h5 18. Qg3 Bh6 19. c4 Rc8 20. cxd5 Nxd5 21. Be4 Rc5 22. Nb3 Rxb5 23. a4 Rxb3 24. Qxb3 Bc6 25. Ba3 Qxh4 26. g3 Qd8 27. Rad1 Bf8 28. Bd6 Be7 29. Bxd5 exd5 30. Qb4 g5 31. Qd4 Rh6 32. Bxe7 Qxe7 33. Qxa7 Kf8 34. Qd4 Qe6 35. Qe3 h4 36. Rd4 g4 37. Qf4 hxg3 38. fxg3 f5 39. Rf1 Bd7 40. Qe3 Kg7 41. Kg2 Rh5 42. Rh1 Rxh1 43. Kxh1 Kg6 44. Kg1 Qb6 45. Rxg4+ 1-0

[Event "CZE-chT2"]
[Site "?"]
[Date "1999.??.??"]
[Round "?"]
[White "Miskovsky Pavel"]
[Black "Trmota Zdenek"]
[Result "1-0"]
[WhiteElo "2216"]
[BlackElo "2275"]
[PlyCount "113"]
[EventDate "1999.??.??"]
[Source "www.chesslib.no"]
[SourceDate "2004.05.04"]

1. e4 e6 2. d4 d5 3. e5 c5 4. Qg4 cxd4 5. Nf3 Nc6 6. Bd3 Nb4 7. O-O Nxd3 8. cxd3 Ne7 9. Bg5 h6 10. Bxe7 Qxe7 11. Na3 a6 12. Rac1 f5 13. Qg6+ Qf7 14. Qxf7+ Kxf7 15. Rc7+ Ke8 16. Rfc1 Kd8 17. h4 g6 18. Nxd4 Rb8 19. Rf7 Be7 20. Rg7 g5 21. h5 Bd7 22. Nb1 g4 23. Rg6 Bg5 24. Rc2 Re8 25. g3 Rc8 26. Rxc8+ Kxc8 27. Nc3 f4 28. Kg2 b5 29. a3 Kc7 30. Rg7 Re7 31. Rxe7 f3+ 32. Kf1 Bxe7 33. b4 Bg5 34. Nb3 Be7 35. Nc5 Bxc5 36. bxc5 Be8 37. d4 Bxh5 38. Ke1 Bg6 39. Kd2 Kc6 40. Ke3 a5 41. Kf4 b4 42. axb4 axb4 43. Nd1 Kb5 44. Kxg4 Kc4 45. c6 Be8 46. c7 Bd7 47. Kxf3 Kxd4 48. Kf4 b3 49. Nb2 Bc8 50. g4 Kc3 51. Na4+ Kc2 52. Ke3 Kb1 53. f4 Ka2 54. g5 hxg5 55. fxg5 Ka3 56. Nc3 Kb4 57. Kd4 1-0

[Event "Arlington CC-ch op"]
[Site "?"]
[Date "2000.??.??"]
[Round "4"]
[White "Smith Bryan G"]
[Black "Passov Alexander"]
[Result "0-1"]
[WhiteElo "2313"]
[BlackElo "2178"]
[PlyCount "86"]
[EventDate "2000.??.??"]
[Source "www.chesslib.no"]
[SourceDate "2004.05.04"]

1. e4 e6 2. d4 d5 3. e5 c5 4. Qg4 cxd4 5. Nf3 Bd7 6. Bd3 Qa5+ 7. Nbd2 Bb5 8. O-O Bxd3 9. cxd3 Nc6 10. Nb3 Qa6 11. Rd1 Qb6 12. Nbxd4 Nxd4 13. Nxd4 h5 14. Qh4 Ne7 15. Nb3 Ng6 16. Qa4+ Qc6 17. Qd4 Qb6 18. Qa4+ Qc6 19. Qxc6+ bxc6 20. d4 a5 21. a4 c5 22. Bd2 cxd4 23. Nxa5 Nxe5 24. b4 Nc4 25. Nc6 Bd6 26. b5 Nb2 27. b6 Nxd1 28. b7 Kd7 29. bxa8=Q Rxa8 30. Nxd4 Nb2 31. a5 Nc4 32. Bc3 Ra6 33. Kf1 Be5 34. Ke2 f6 35. Kd3 Bxd4 36. Kxd4 Kc6 37. f4 e5+ 38. fxe5 fxe5+ 39. Kd3 Kc5 40. Rb1 e4+ 41. Ke2 d4 42. Bb4+ Kd5 43. Be1 d3+ 0-1

[Event "CZE Ch"]
[Site "Czech Republic"]
[Date "1993.??.??"]
[Round "10"]
[White "Walek, Milan"]
[Black "Stocek, Jiri"]
[Result "0-1"]
[WhiteElo "2280"]
[BlackElo "2210"]
[PlyCount "62"]
[EventDate "1993.??.??"]
[Source "www.chesslib.no"]
[SourceDate "2004.05.04"]

1. e4 e6 2. d4 d5 3. e5 c5 4. Qg4 cxd4 5. Nf3 Nc6 6. Bd3 Qc7 7. Bf4 Nge7 8. O-O Ng6 9. Re1 f5 10. Qg3 Bd7 11. a3 Be7 12. Nbd2 O-O-O 13. b4 Nxf4 14. Qxf4 Rdg8 15. h4 h6 16. h5 g5 17. hxg6 Rxg6 18. Nb3 Rg4 19. Qh2 Rhg8 20. Kf1 h5 21. Qxh5 Rxg2 22. Qh3 R2g4 23. b5 Na5 24. Nbxd4 Nc4 25. a4 Qd8 26. Ke2 Rh8 27. Qf1 Bb4 28. Bxc4 dxc4 29. Kd1 Bxe1 30. Kxe1 Qa5+ 31. Kd1 Qc3 0-1

[Event "VIII Int Rapid"]
[Site "El Sauzal ESP"]
[Date "2007.11.03"]
[Round "5"]
[White "Novoselski, Z."]
[Black "Gutierrez Olivares, D."]
[Result "1-0"]
[WhiteElo "2375"]
[BlackElo "2115"]
[PlyCount "37"]
[EventDate "2007.11.03"]
[Source "www.chesslib.no"]
[SourceDate "2004.05.04"]

1. e4 e6 2. d4 d5 3. e5 c5 4. Qg4 cxd4 5. Bd3 Nc6 6. Nf3 Nge7 7. O-O Ng6 8. Qg3 Nb4 9. h4 Nxd3 10. cxd3 f5 11. h5 Ne7 12. Nxd4 Nc6 13. Be3 a6 14. Nd2 Qc7 15. N2f3 Bc5 16. Nxe6 Bxe6 17. Bxc5 O-O-O 18. Bd6 Qd7 19. Rac1 1-0

[Event "Balaguer op"]
[Site "?"]
[Date "1996.??.??"]
[Round "2"]
[White "Villa Gimenez Carmelo"]
[Black "Mollov Ergin"]
[Result "0-1"]
[WhiteElo "2050"]
[BlackElo "2430"]
[PlyCount "57"]
[EventDate "1996.??.??"]
[Source "www.chesslib.no"]
[SourceDate "2004.05.04"]

1. e4 e6 2. d4 d5 3. e5 c5 4. Qg4 Nc6 5. Nf3 cxd4 6. Bd3 Nb4 7. O-O Nxd3 8. cxd3 Ne7 9. Bg5 h6 10. Bh4 Qd7 11. Nxd4 Nc6 12. Nxc6 bxc6 13. d4 Rb8 14. b3 Rb4 15. Na3 Ba6 16. Rfc1 Bd3 17. Qd1 Rxd4 18. Nc2 Rxh4 19. Qxd3 Be7 20. g3 Re4 21. Qc3 c5 22. f4 O-O 23. Ne1 c4 24. Kg2 Qb7 25. Qf3 Rc8 26. h4 Ba3 27. Rc2 Bb4 28. Rcc1 Bd2 29. Rc2 0-1

[Event "SVK Ch"]
[Site "?"]
[Date "1999.07.04"]
[Round "2"]
[White "Berza Stefan"]
[Black "Hagarova Zuzana"]
[Result "1-0"]
[WhiteElo "2148"]
[BlackElo "2328"]
[PlyCount "77"]
[EventDate "1999.??.??"]
[Source "www.chesslib.no"]
[SourceDate "2004.05.04"]

1. e4 e6 2. d4 d5 3. e5 c5 4. Qg4 f5 5. Qg3 Ne7 6. Nf3 Nec6 7. Bd3 cxd4 8. O-O Nd7 9. Re1 Nc5 10. Ng5 h6 11. Nh7 Kf7 12. Nxf8 Qxf8 13. h4 g6 14. c3 Qe7 15. cxd4 Nxd4 16. Nc3 Nxd3 17. Qxd3 Qxh4 18. Be3 Nc6 19. Bc5 Kg7 20. Rac1 Bd7 21. Qb5 b6 22. Bd6 Rhc8 23. Qa6 f4 24. Qb7 Rd8 25. Nxd5 Na5 26. Qc7 f3 27. Be7 Qa4 28. Bf6+ Kg8 29. Bxd8 exd5 30. gxf3 Rc8 31. Qd6 Rxd8 32. Qxg6+ Kf8 33. e6 Be8 34. Qf6+ Kg8 35. Qxd8 Nb7 36. Qf6 Nc5 37. Kh2 Kh7 38. Rg1 Nxe6 39. Rc7+ 1-0

[Event "Sao Paulo-ch 6th leg"]
[Site "?"]
[Date "2002.??.??"]
[Round "2"]
[White "Fernandes Oliveira Adriano"]
[Black "Sega Carlos Alberto"]
[Result "0-1"]
[WhiteElo "2145"]
[BlackElo "2326"]
[PlyCount "86"]
[EventDate "2002.??.??"]
[Source "www.chesslib.no"]
[SourceDate "2004.05.04"]

1. e4 e6 2. d4 d5 3. e5 c5 4. Qg4 Qb6 5. Nf3 Nh6 6. Qf4 cxd4 7. Bd3 Nc6 8. a3 Nf5 9. g4 Nh6 10. O-O Be7 11. Nbd2 Bd7 12. Nb3 g5 13. Qg3 O-O-O 14. Bxg5 Bxg5 15. Nxg5 Rdg8 16. h4 Nxg4 17. Rfe1 Ngxe5 18. Rxe5 Nxe5 19. Qxe5 h6 20. f4 hxg5 21. hxg5 Rh3 22. Rd1 Rgh8 23. Kg2 Rh2+ 24. Kg3 R8h3+ 25. Kg4 Qd8 26. Nxd4 Qe8 27. Nf3 f5+ 28. gxf6 Qh8 29. Bf1 Be8 30. f7 Rh4+ 31. Kg3 R4h3+ 32. Kg4 Bxf7 33. Qxh8+ Rxh8 34. Kg5 Bh5 35. Rd3 Bxf3 36. Rxf3 Kd7 37. Bd3 Kd6 38. Kf6 Rf8+ 39. Kg7 Ke7 40. f5 Rg2+ 41. Kh7 e5 42. Rf1 Kf6 43. Rh1 Rg7+ 0-1

[Event "Buenos Aires Najdorf Open"]
[Site "Buenos Aires ARG"]
[Date "1993.??.??"]
[Round "11"]
[White "Benko, Francisco"]
[Black "Rivero, Jose Luis"]
[Result "1/2-1/2"]
[WhiteElo "2220"]
[BlackElo "2230"]
[PlyCount "128"]
[EventDate "1993.04.??"]
[Source "www.chesslib.no"]
[SourceDate "2004.05.04"]

1. e4 e6 2. d4 d5 3. e5 c5 4. Qg4 cxd4 5. Bd3 Nc6 6. Nf3 Nge7 7. O-O Ng6 8. Re1 Be7 9. a3 a5 10. b3 Qc7 11. Qg3 f5 12. h4 O-O 13. h5 f4 14. Qh2 Ngxe5 15. Nxe5 Nxe5 16. Bxf4 Nf3+ 17. gxf3 Rxf4 18. Nd2 Bd6 19. Qg2 Rh4 20. Nf1 Bf4 21. Bxh7+ Kh8 22. Bg6 e5 23. Ng3 Bh3 24. Qh1 Qe7 25. Rad1 Qg5 26. Qh2 Bf1 27. Qxh4 Qxh4 28. Nxf1 Qg5+ 29. Kh1 Rc8 30. Re2 Kg8 31. Rde1 Rc3 32. Bd3 Qxh5+ 33. Kg2 Rc6 34. Ng3 Qg5 35. Rg1 Qe7 36. a4 g6 37. Kf1 Kf8 38. Rh1 Rf6 39. Rh3 Kg7 40. Kg2 Re6 41. Re1 Bxg3 42. fxg3 e4 43. fxe4 dxe4 44. Bc4 Re5 45. Reh1 Qb4 46. Rh7+ Kf6 47. Rf7+ Kg5 48. Rf2 e3 49. Re2 Qc5 50. Rf1 Qc6+ 51. Kg1 Rf5 52. Rxf5+ gxf5 53. Rg2 Qc5 54. Bd3 Qc3 55. Re2 Kg4 56. Rg2 Qe1+ 57. Kh2 b6 58. Bc4 Kg5 59. Be2 Qc3 60. Bd3 Qc5 61. Rg1 Qe5 62. Rf1 Kg4 63. Be2+ Kg5 64. Bd3 Kg4 1/2-1/2